[Event "Satu Mare Tasnad op"]
[Site "Satu Mare"]
[Date "2013.09.28"]
[Round "5"]
[White "Veron, Andrei Stefan"]
[Black "Juncu, Nicolae"]
[Result "0-1"]
[WhiteElo "2007"]
[BlackElo "2152"]
[PlyCount "72"]
[EventDate "2013.09.26"]
[EventType "swiss"]
[EventRounds "7"]
[EventCountry "ROU"]
[SourceTitle "EXT 2014"]
[Source "ChessBase"]
[SourceDate "2013.11.20"]
[SourceVersion "1"]
[SourceVersionDate "2013.11.20"]
[SourceQuality "1"]

1. c4 Nf6 2. Nc3 a6 3. g3 g6 4. Bg2 Bg7 5. Nf3 c5 6. 0-0 Nc6 7. a3 0-0 8. d3 d6 9. Bg5 h6 10. Bd2 Rb8 11. Rb1 Be6 12. b4 cxb4 13. axb4 d5 14. c5 d4 15. Na4 Nd5 16. Qc1 Kh7 17. Ne1 f5 18. Bxd5 Bxd5 19. Nb6 Bf7 20. f4 Be8 21. Nf3 Rg8 22. h4 e5 23. fxe5 Nxe5 24. Bf4 Nxf3+ 25. exf3 Bc6 26. Bxb8 Qxb8 27. f4 g5 28. hxg5 hxg5 29. Rb2 Bh6 30. Rh2 gxf4 31. Rxh6+ Kxh6 32. Rxf4 Rxg3+ 33. Kf2 Rg5 34. Nc4 Kg6 35. Nd6 Qh8 36. Ke1 Rg1+ 0-1